| 000 | 00747cam a2200205 4500 | ||
|---|---|---|---|
| 001 | WS106552 | ||
| 008 | 000000n 000 0 eng u | ||
| 035 | _a(Sirsi) u106552 | ||
| 110 |
_aHistoric Houses Association _92072 |
||
| 245 | _aHistoric Houses Association | ||
| 520 | _aWeb site for this organisation which helps private owners to maintain Britain's historic houses. | ||
| 650 | _aHISTORIC HOUSES | ||
| 650 | _aLANDOWNERS | ||
| 650 | _aCOUNTRY HOUSES | ||
| 650 | _aORGANISATION | ||
| 650 | _aBUILT ENVIRONMENT-BUILDING INSPECTION | ||
| 690 | _aBUILT ENVIRONMENT-BUILDING MAINTENANCE AND REFURBISHMENT-BUILDING CONSERVATION | ||
| 856 | 4 | 0 |
_uhttps://www.hha.org.uk/ _zView the website free of charge at www.hha.org.uk/... |
| 942 | _n0 | ||
| 999 |
_c119490 _d119490 |
||